Short cases in medicine / (Record no. 127693)

MARC details
000 -LEADER
fixed length control field 00767nam a22002537a 4500
005 - DATE AND TIME OF LATEST TRANSACTION
control field 20170124110029.0
010 ## - LIBRARY OF CONGRESS CONTROL NUMBER
LC control number A-948420
020 ## - INTERNATIONAL STANDARD BOOK NUMBER
Terms of availability 00.00
International Standard Book Number 8174730095
035 ## - SYSTEM CONTROL NUMBER
System control number A-948420
037 ## - SOURCE OF ACQUISITION
Source of stock number/acquisition Cen Lib/Ret
040 ## - CATALOGING SOURCE
Original cataloging agency DPL
Language of cataloging EN
082 ## - DEWEY DECIMAL CLASSIFICATION NUMBER
Classification number 616
Item number RAM
100 ## - MAIN ENTRY--PERSONAL NAME
Personal name Raman, P.G.
9 (RLIN) 21247
245 ## - TITLE STATEMENT
Title Short cases in medicine /
Statement of responsibility, etc by P.G. Raman, L.C. Gupta [and] Dr. Puneet Rastogi
260 ## - PUBLICATION, DISTRIBUTION, ETC. (IMPRINT)
Place of publication, distribution, etc Delhi
Name of publisher, distributor, etc A.I.T.B.S. Publishers & Distributors
Date of publication, distribution, etc 1997
270 ## - ADDRESS
Address J-5/6, Krishan Nagar
City Delhi
Postal code 110051
300 ## - PHYSICAL DESCRIPTION
Extent 208p. :
Dimensions 24cm(Hb)
Other physical details ill.
500 ## - GENERAL NOTE
General note Includes index.
650 ## - SUBJECT ADDED ENTRY--TOPICAL TERM
Topical term or geographic name as entry element Clinical medicine
9 (RLIN) 21248
650 ## - SUBJECT ADDED ENTRY--TOPICAL TERM
Topical term or geographic name as entry element Medicine
9 (RLIN) 3881
700 ## - ADDED ENTRY--PERSONAL NAME
Personal name Gupta, L.C.
9 (RLIN) 666
700 ## - ADDED ENTRY--PERSONAL NAME
Personal name Rastogi, Puneet
9 (RLIN) 21249
942 ## - ADDED ENTRY ELEMENTS (KOHA)
Source of classification or shelving scheme Dewey Decimal Classification
Koha item type English Books
Classification part 616
Call number suffix RAM
Holdings
Withdrawn status Lost status Damaged status Not for loan Home library Current library Date acquired Source of acquisition Cost, normal purchase price Total Checkouts Full call number Barcode Date last seen Copy number Cost, replacement price Price effective from Koha item type Public note
Written off       Central Library Central Library 30/06/2015 Cen Lib/Ret 0.00   616 RAM A-948420 30/06/2015 1 0.00 30/06/2015 English Books Written off on approval by DLB (By Circulation); dtd 15-06-2023

© Delhi Public Library
Hit Counter
free hit counter